000 00254nam a22001217a 4500
003 SGT
082 _a746.44
_bMAA
100 _aMAARLEU, HESSELT
245 _aNATIVE DESIGN'SFROM INDIA
260 _bHVD PUBLISHER
_c2016
300 _a105
942 _2ddc
_cBK
999 _c13381
_d13381